<?xml version="1.0" encoding="UTF-8"?>
<collection xmlns="http://www.loc.gov/MARC21/slim">
 <record>
  <leader>06008nam a2200349 a 4500</leader>
  <controlfield tag="001">kal1045</controlfield>
  <controlfield tag="003">Gr-AtHEAL</controlfield>
  <controlfield tag="005">20160503213930.0</controlfield>
  <controlfield tag="006">m        d        </controlfield>
  <controlfield tag="008">160413s2015    gr      s           gre|c</controlfield>
  <datafield tag="020" ind1=" " ind2=" ">
   <subfield code="a">9789606031274</subfield>
  </datafield>
  <datafield tag="040" ind1=" " ind2=" ">
   <subfield code="a">GR-AtHEAL</subfield>
   <subfield code="b">gre</subfield>
   <subfield code="c">GR-AtHEAL</subfield>
  </datafield>
  <datafield tag="082" ind1="0" ind2="4">
   <subfield code="a">004.0151</subfield>
   <subfield code="2">23</subfield>
  </datafield>
  <datafield tag="100" ind1="1" ind2=" ">
   <subfield code="a">Πουλάκης, Δημήτριος.</subfield>
   <subfield code="8">834</subfield>
  </datafield>
  <datafield tag="245" ind1="1" ind2="0">
   <subfield code="a">Υπολογιστική θεωρία αριθμών</subfield>
   <subfield code="h">[Ηλεκτρονικός πόρος] </subfield>
   <subfield code="c">Πουλάκης, Δημήτριος ; Κριτικός αναγνώστης,Τζανάκης, Νικόλαος ; Τεχνική επιμέλεια,Καρακώστας, Αναστάσιος.</subfield>
  </datafield>
  <datafield tag="260" ind1=" " ind2=" ">
   <subfield code="a">Αθήνα :</subfield>
   <subfield code="b">Σύνδεσμος Ελληνικών Ακαδημαϊκών Βιβλιοθηκών,</subfield>
   <subfield code="c">c2015.</subfield>
  </datafield>
  <datafield tag="490" ind1=" " ind2=" ">
   <subfield code="a">Ακαδημαϊκά Ηλεκτρονικά Συγγράμματα και Βοηθήματα Κάλλιπος</subfield>
   <subfield code="8">40</subfield>
  </datafield>
  <datafield tag="505" ind1="0" ind2=" ">
   <subfield code="a">Το βιβλίο περιέχει τα εξής κεφάλαια:1. Ακέραιοι Αριθμοί2. Συνεχή Κλάσματα3. Πρώτοι Αριθμοί4. Ομάδες, Δακτύλιοι, Πολυώνυμα5. Ισοτιμίες6. Πιστοποίηση Πρώτου7. Παραγοντοποίηση Ακεραίων8. Διακριτός Λογάριθμος</subfield>
  </datafield>
  <datafield tag="520" ind1=" " ind2=" ">
   <subfield code="a">Η Θεωρία Αριθμών, την τελευταία τριακονταετία, έχει βρεί σημαντικές εφαρμογές σε πολλούς τομείς της επιστήμης και τεχνολογίας, όπως η Κρυπτογραφία, η Θεωρία Κωδίκων, κλπ. Το βιβλίο αυτό αποτελεί μία εισαγωγή στην Θεωρία Αριθμών με έμφαση στην υπολογιστική της πλευρά με σκοπό να δώσει τα απαραίτητα εφόδια για την κατανόηση των σύγχρονων εφαρμογών της. Απαραίτητες γνώσεις για την μελέτη του είναι αυτές της δευτεροβάθμιας εκπαίδευσης. Στο πρώτο κεφάλαιο μελετάται η διαιρετότητα των ακεραίων, δίνεται μία στοιχειώδη εισαγωγή στους αλγόριθμους ακεραίων και αναλύεται ο εκτεταμένος Ευκλείδειος αλγόριθμος. Το δεύτερο κεφάλαιο είναι αφιερωμένο στο ανάπτυγμα των πραγματικών αριθμών σε συνεχές κλάσμα και στις βασικές του ιδιότητες. Στο τρίτο κεφάλαιο εισάγονται οι πρώτοι αριθμοί. Αποδεικνύεται το θεμελειώδες θεώρημα της αριθμητικής, δίνονται εφαρμογές του, μελετώνται κλασσικά θεωρήματα επί της κατανομής των πρώτων αριθμών και εξετάζονται ειδικές κατηγορίες πρώτων. Μία παρουσίαση των βασικών αλγεβρικών δομών του μονοειδούς, της ομάδας, του δακτυλίου και σώματος, καθώς επίσης και των βασικών ιδιοτήτων των πολυωνύμων δίνεται στο τέταρτο κεφάλαιο. To πέμπτο κεφάλαιο είναι αφιερωμένο στη σχέση ισοτιμίας των ακεραίων αριθμών. Δίνονται οι βασικές ιδιότητες των ισοτιμίων, μελετάται η επίλυση των γραμμικών ισοτιμιών και των συστημάτων τους. Αποδεικνύεται σε ποιές περιπτώσεις υπάρχουν πρωτογενείς ρίζες κατά μέτρο n, εισάγονται τα σύμβολα των Legendre και Jacobi και μελετάται η επίλυση των τετραγωνικών ισοτιμιών.Τέλος εισάγονται τα πεπερασμένα σώματα. Στο έκτο κεφάλαιο δίνονται μερικοί κλασσικοί μέθοδοι πιστοποίησης πρώτου, καθώς και ο μοναδικός αιτιοκρατικός αλγόριθμος πολυωνυμικού χρόνου AKS. Το έβδομο κεφάλαιο διαπραγματεύεται την παραγοντοποίσηση ακεραίων και περιγράφονται αλγόριθμοι για την αντιμετώπισή του. Τέλος, το όγδοο κεφάλαιο είναι αφιερωμένο στο πρόβλημα του διακριτού λογαρίθμου και δίνονται μερικοί αλγόριθμοι για την επίλυσή του.</subfield>
  </datafield>
  <datafield tag="650" ind1=" " ind2="0">
   <subfield code="a">Number theory</subfield>
   <subfield code="x">Data processing.</subfield>
  </datafield>
  <datafield tag="653" ind1=" " ind2=" ">
   <subfield code="a">Κρυπτογραφία</subfield>
  </datafield>
  <datafield tag="653" ind1=" " ind2=" ">
   <subfield code="a">Υπολογιστική θεωρία αριθμών</subfield>
  </datafield>
  <datafield tag="653" ind1=" " ind2=" ">
   <subfield code="a">Επιστήμη υπολογιστών/Πληροφορική</subfield>
   <subfield code="a">Αλγόριθμοι και πολυπλοκότητα</subfield>
  </datafield>
  <datafield tag="653" ind1=" " ind2=" ">
   <subfield code="a">Μαθηματικά</subfield>
   <subfield code="a">Θεωρία αριθμών</subfield>
   <subfield code="a">Υπολογιστική θεωρία αριθμών</subfield>
  </datafield>
  <datafield tag="653" ind1=" " ind2=" ">
   <subfield code="a">Επιστήμη υπολογιστών/Πληροφορική</subfield>
  </datafield>
  <datafield tag="653" ind1=" " ind2=" ">
   <subfield code="a">Μαθηματικά</subfield>
   <subfield code="a">Θεωρία αριθμών</subfield>
  </datafield>
  <datafield tag="700" ind1="1" ind2=" ">
   <subfield code="a">Τζανάκης, Νικόλαος</subfield>
   <subfield code="e">Κριτικός αναγνώστης</subfield>
   <subfield code="8">835</subfield>
  </datafield>
  <datafield tag="856" ind1="4" ind2="0">
   <subfield code="u">http://hdl.handle.net/11419/1045</subfield>
   <subfield code="z">Πλήρες Κείμενο - Full text</subfield>
  </datafield>
  <datafield tag="907" ind1=" " ind2=" ">
   <subfield code="a">.b2567920x</subfield>
   <subfield code="b">12-06-18</subfield>
   <subfield code="c">29-07-16</subfield>
  </datafield>
  <datafield tag="949" ind1=" " ind2=" ">
   <subfield code="0">0</subfield>
   <subfield code="1">0</subfield>
   <subfield code="2">ddc</subfield>
   <subfield code="4">0</subfield>
   <subfield code="6">004_015100000000000_ΠΟΥ</subfield>
   <subfield code="7">0</subfield>
   <subfield code="8">KALL</subfield>
   <subfield code="8">679</subfield>
   <subfield code="d">2016-04-13</subfield>
   <subfield code="r">2016-04-13</subfield>
   <subfield code="w">2016-04-13</subfield>
   <subfield code="z">004.0151 ΠΟΥ</subfield>
   <subfield code="o">SEAB KALLIPOS</subfield>
  </datafield>
  <datafield tag="998" ind1=" " ind2=" ">
   <subfield code="a">80</subfield>
   <subfield code="a">01</subfield>
   <subfield code="a">02</subfield>
   <subfield code="a">03</subfield>
   <subfield code="a">04</subfield>
   <subfield code="a">05</subfield>
   <subfield code="a">06</subfield>
   <subfield code="a">07</subfield>
   <subfield code="a">08</subfield>
   <subfield code="a">09</subfield>
   <subfield code="a">10</subfield>
   <subfield code="a">11</subfield>
   <subfield code="a">12</subfield>
   <subfield code="a">13</subfield>
   <subfield code="a">14</subfield>
   <subfield code="a">15</subfield>
   <subfield code="a">16</subfield>
   <subfield code="a">17</subfield>
   <subfield code="a">18</subfield>
   <subfield code="a">19</subfield>
   <subfield code="a">20</subfield>
   <subfield code="a">21</subfield>
   <subfield code="a">22</subfield>
   <subfield code="a">23</subfield>
   <subfield code="a">24</subfield>
   <subfield code="a">25</subfield>
   <subfield code="a">26</subfield>
   <subfield code="b">15-05-17</subfield>
   <subfield code="c">m</subfield>
   <subfield code="d">z  </subfield>
   <subfield code="e">-</subfield>
   <subfield code="f">gre</subfield>
   <subfield code="g">gr </subfield>
   <subfield code="h">0</subfield>
  </datafield>
  <datafield tag="942" ind1=" " ind2=" ">
   <subfield code="2">ddc</subfield>
   <subfield code="c">KALLIPOS</subfield>
  </datafield>
 </record>
</collection>
